00785nam a22002057a 4500082001800000100002300018100003100041100001700072245008500089250000900174260012300183300001700306650003600323650004500359650002500404650001600429942000700445999001900452952010800471 aM08 bMOY/M.2 aMoyinkutty Vaidyar aMuhammed Abdul Kareem K K aAboobacker K aMahakavi Moyinkutty vaidyarude sampoorna krithikal (v.2)/cby Moyinkutty Vaidyar a2nd. aMalappuram:bMahakavi Moyinkutty Vaidyar Mappila Kala Academy, Department of Cultural Affairs, Govt. of Kerala,c2015. a787p.-1523p. aCollection Literature Malayalam aCollection Literature Moyinkutty Vaidyar aLiterature Malayalam aLiterature  cBK c181737d181737 00104070aSSUSbSSUScREFd2026-05-21g900.00l0oR M08 MOY/M.2p108909r2026-05-21w2026-05-21yREF